| 000 | 00438nam a2200169Ia 4500 | ||
|---|---|---|---|
| 003 | OSt | ||
| 005 | 20230905093359.0 | ||
| 008 | 230222s9999||||xx |||||||||||||| ||und|| | ||
| 020 | _a9966364927 | ||
| 040 | _cChuka University Library | ||
| 050 |
_aPL 8704 _b.A7 G5 2011 |
||
| 100 |
_aAREGE, TIMOTHY M. _98120 |
||
| 245 | 0 | _aGITAA NA HADITHI NYINGINE | |
| 260 |
_aNairobi _bLonghorn Publishers _c2011 |
||
| 300 | _a181p | ||
| 942 |
_cBK _2lcc |
||
| 999 |
_c13345 _d13345 |
||